000 01162nam a2200217Ii 4500
003 JO-AjNU
008 230605s9999||||xx |||||||||||||| ||und||
017 _a2013/11626
020 _a978-997-473-047-4
040 _aJO-AjNU
_bara
_erda
_cJO-AjNU
041 _aara
050 1 4 _aHF5549.5 2014
100 3 _aمؤتمر الموارد البشرية شريك استراتيجي في العمل والتطوير المؤسسي (2013 : دبي، الإمارات العربية المتحدة) ,
_eauthor
_951957
245 0 0 _a أثر التخطيط الاستراتيجي في تطوير الموارد البشرية : بحوث وأوراق عمل من مؤتمر الموارد البشرية شريك استراتيجي في العمل والتطوير المؤسسي
264 3 1 _aالقاهرة: المنظمة العربية للتنمية الادارية، 2014
300 _a258ص
_bيحتوي على ببلوغرافية 233ص
336 _atext
_btxt
_2rdacontent
337 _aunmediated
_bn
_2rdamedia
338 _avolume
_bnc
_2rdacarrier
650 4 _aإدارة الأفراد - القوى العاملة - تخطيط - مؤتمرات 
_951958
999 _aA22987
_c26555
_d26555